Correspondencia [entre Yasunari Kawabata y Yukio Mishima] : 1945-1970 /
Furkejuvvon:
| Váldodahkki: | |
|---|---|
| Eará dahkkit: | |
| Materiálatiipa: | Girji |
| Giella: | espánnjágiella |
| Almmustuhtton: |
Buenos Aires, Argentina :
Emecé,
2003, c2003
|
| Ráidu: | (Cornucopia )
|
| Fáttát: | |
| Fáddágilkorat: |
Eai fáddágilkorat, Lasit vuosttaš fáddágilkora!
|
MARC
| LEADER | 00000nam^a2200000^a^4500 | ||
|---|---|---|---|
| 001 | 000181374 | ||
| 005 | 20250521000000.0 | ||
| 009 | 20260310101929.504 | ||
| 020 | |a 950-04-2460-6 | ||
| 037 | |a Acervo ITESO - Biblioteca | ||
| 041 | |a ESP | ||
| 082 | |a 895. 6 |b KAW | ||
| 100 | |a Kawabata, Yasunari |e (autor) | ||
| 245 | 1 | 0 | |a Correspondencia [entre Yasunari Kawabata y Yukio Mishima] : |b 1945-1970 / |c Y. Kawabata, Y. Mishima ; pref. de Diane de Margerie ; tr. por Liliana Ponce. |
| 264 | 4 | |a Buenos Aires, Argentina : |b Emecé, |c 2003, c2003 | |
| 300 | |a 253 p. | ||
| 336 | |a texto |b txt |2 rdacontenido | ||
| 337 | |a sin mediación |b n |2 rdamedio | ||
| 338 | |a volumen |b nc |2 rdasoporte | ||
| 440 | 1 | |a (Cornucopia ) | |
| 545 | 0 | |a Yasunari Kawabata (Osaka, 1899 – Kamakura, 1972), primer escritor japonés galardonado con el Premio Nobel de Literatura (1968). Estudió Letras en la Universidad de Tokio, donde presentó como tesis una historia de las novelas japonesas, y formó parte de la "escuela de las nuevas sensaciones", movimiento literario que apelaba a captar la realidad a través de sensaciones inmediatas. Tras una serie de cuentos muy breves y ensayos críticos, alcanzó el pleno reconocimiento con el relato La danzarina de Izu (1926) y continuó su obra narrativa, marcada por la soledad y el erotismo, con novelas como: País de nieve (1935-37), citada a veces como su obra maestra; El maestro de go (1951), que Kawabata consideraba su creación más acabada; La casa de las bellas durmientes (1961); Kyoto (1962) y Lo bello y lo triste (1964). También es conocido entre los lectores de lengua española por los volúmenes de cuentos Historias en la palma de la mano y Primera nieve en el monte Fuji y la edición de la Correspondencia que mantuvo con su amigo y discípulo Yukio Mishima. Dedicado los últimos ochos años de su vida en exclusiva al ensayo y la crítica literaria, falleció en circunstancias no del todo claras que apuntan al suicidio. Presidente del capítulo nacional del International PEN (1948-65), impulsó la traducción y difusión de la literatura japonesa en Occidente. | |
| 545 | 0 | |a El escritor japonés Yukio Mishima (1925-1970), representante de la escuela de la literatura moderna de posguerra, Segunda Generación, fue un prolífico autor de novelas, cuentos, teatro y versiones modernas de dramas Nō tradicionales, entre ellas: Confesiones de una máscara (1949), El color prohibido (1952), La muerte de la mitad del verano (1953), El tumulto de las olas (1954), El pabellón de oro (1956), Patriotismo (1960), El sabor de la gloria (1963) y La corrupción de un ángel (1971), publicación póstuma y testamento ideológico. Conocedor de los variados estilos del japonés, incluido el medieval, también hablaba y conocía la literatura de diversos idiomas occidentales, lo que le permitió crear una prosa austera, considerada una de las más estilizadas del japonés de mediados del siglo XX. La suya es una narrativa guiada por la visión del protagonista; el resto de los participantes son unidimensionales y existen por el rol que juegan en torno al principal. Feroz crítico del Japón posbélico, tema central de su obra es la mezcla de valores opuestos: los tradicionales y milenarios de su país en comparación con la estética moderna y occidental, marcada por la ausencia de espiritualidad. Mishima fue de los primeros nipones en tratar abiertamente la homosexualidad; basó su producción en la combinación armónica del erotismo, la añoranza de la era de los samuráis, algunos pasajes autobiográficos, junto con las contradicciones entre deseo y rechazo, belleza y violencia. Algunos de sus personajes construyen su propio mundo y reestablecen el orden de las cosas en el marco de la tensión entre deseo y deber en situaciones peligrosas y trágicas. Fue fundador de Asociación de los Escudos, una milicia de extrema derecha nacionalista que buscaba restaurar el poder imperial y protestar contra la desmilitarización de su país; se dio muerte en la forma tradicional japonesa tras un fallido intento de golpe de Estado. | |
| 585 | |a Exposición DIA 2022-10 / Sendero de crisantemos: una mirada a la cultura japonesa | ||
| 586 | |a Premio Nobel de Literatura 1968 | ||
| 649 | |a XX | ||
| 650 | |a Escritores Japoneses - |x Biografías | ||
| 650 | |a Cartas Japonesas | ||
| 650 | |a Literatura Japonesa - |y Siglo XX | ||
| 650 | |a Literatura Japonesa - |x Historia y Crítica | ||
| 650 | |a Kawabata, Yasunari - |x Tema Principal | ||
| 650 | |a Mishima, Yukio - |x Tema Principal | ||
| 700 | |a Mishima, Yukio |e (autor) | ||
| 910 | |a Fondo General | ||
| 920 | |a Impresos - Libros | ||
| 930 | |a Colección General | ||
| 940 | |a Literatura | ||
| 905 | |a 101 | ||
| 901 | |a 0500180084 |b IT1 |c LIT |u 20250521 | ||
| 902 | |a https://opac.biblio.iteso.mx/vufind/Record/000181374 | ||